Sistema de Gestión de Planilla para COMMEMA Ivan Montenegro SIGRHU

El presente trabajo recopila la información necesaria del proceso de elaboración de planilla en el mercado Iván Montenegro COMMEMA, como es el diseño del sistema, se utilizó el modelo orientado a objeto UML, con el prototipo de Software, se disminuye el tiempo de elaboración del proceso de nó...

Full description

Bibliographic Details
Main Authors: Almeida Godinez, Rebeca del Socorro, Bolaños Jiménez, Maybelin
Other Authors: Tutor: Membreño Gudiel, Yasser Ronald
Format: Tesis Section = Libro
Language:Undetermined
Spanish
Published: Managua UNI 2013
Subjects:
LEADER 01211nam a2200253Ia 4500
008 240830s9999 xx 000 0 und d
040 |a BIBLIOTECA-RUPAP T.Mon 025.04 A447 
041 |a spa 
082 |a T.Mon 025.04 A447 
100 1 |a Almeida Godinez, Rebeca del Socorro 
100 1 |c Bolaños Jiménez, Maybelin 
245 1 0 |a Sistema de Gestión de Planilla para COMMEMA Ivan Montenegro SIGRHU 
260 |a Managua  |b UNI  |c 2013 
300 |a 175 p. :il. 
500 |a Contiene: anexos. 
502 |a Tesis (Ingeniero de Sistemas)- UNI, 2013. 
520 3 |a El presente trabajo recopila la información necesaria del proceso de elaboración de planilla en el mercado Iván Montenegro COMMEMA, como es el diseño del sistema, se utilizó el modelo orientado a objeto UML, con el prototipo de Software, se disminuye el tiempo de elaboración del proceso de nómina. 
650 7 |a SISTEMA - AUTOMATIZACION - CONTROL - ANALISIS - PLANILLA DE COMMEMA 
650 7 |b SISTEMA DE ALMACENAMIENTO Y RECUPERACION DE LA INFORMACION 
650 7 |c SISTEMA AUTOMATIZADO - BASE DE DATOS - ELABORACION PLANILLA 
700 1 |a Tutor:  |b Membreño Gudiel, Yasser Ronald 
942 |c BK  |2 ddc 
991 |a TESIS 
999 |c 18011